000 00305nam a2200133Ia 4500
008 220613s9999||||xx |||||||||||||| ||und||
100 _aWonda G Wabb
245 0 _aNeurology For The Space Language Pathologist
250 _a5th(2008)
260 _bMosby
300 _a311
650 _aENT
942 _cSURG
999 _c9980
_d9980